000 00556nam a2200169 a 4500
001 000040400
005 20201002034117.0
008 100317s2006 dr a 000 0 spa d
040 _aDO-SdBNP
_bspa
_cBNPHU
082 _axxx
_bD611m
100 1 _aDisla L., Jesús,
_d1940-
_937641
245 1 0 _aManual práctico de obstetricia y ginecología /
_cJesús Disla L.
250 _a3a. ed. amp. y act.
260 _aSanto Domingo :
_bLuz de Luna,
_c2006.
300 _a157 p. :
_bil. ;
_c21 cm.
500 _aIncluye datos biográficos del autor en la contracubierta
999 _c39890
_d39890